| 000 | 00430nam a2200145 a 4500 | ||
|---|---|---|---|
| 001 | 000045552 | ||
| 005 | 20240305094430.0 | ||
| 008 | 150414s1976 dr 000 0 spa d | ||
| 040 |
_aDO-SdBNP _bspa _cBNPHU |
||
| 082 |
_axxxx _bxxxx |
||
| 100 | 1 |
_aCabral, Manuel del, _d1907-1999 _923556 |
|
| 245 | 1 | 3 |
_aLa carabina piensa : _bobra teatral / _cManuel del Cabral. |
| 260 |
_aSanto Domingo : _bTaller, _c1976. |
||
| 300 |
_a77 p. ; _c13 cm. |
||
| 999 |
_c45041 _d45041 |
||